Datum a čas kvízu
17
Celkem bodů
Celkový počet nahraných bodů na tomto kvízu bez doplňovacích otázek.
4.
Pořadí na kvízu
Konečné umístění týmu na tomto kvízu.
Zaznamenané odpovědi
| # | Otázka | Odpověď | Body | Výsledky |
|---|---|---|---|---|
| 1. | Šéf Generální inspekce bezpečn... | 0 | ||
| 2. | Generace revolucionářů, která... | 0 | ||
| 3. | Pořadatelé karlovarského filmo... | 0 | ||
| 4. | Česko a Slovensko dostaly od E... | 0 | ||
| 5. | Všechny tyto události se staly... | 0 | ||
| 6. | Jak se jmenuje festival dokume... | 0 | ||
| 7. | Velký úspěch minulý rok zaznam... | 0 | ||
| 8. | Olga Sommerová je od roku 2014... | 0 | ||
| 9. | Režisérka Helena Třeštíková na... | 1 | ||
| 10. | Seřaďte tyto dokumenty podle j... | 0 |